| 000 | 02199nam a22003977a 4500 | ||
|---|---|---|---|
| 003 | CHAP | ||
| 005 | 20220329143630.0 | ||
| 008 | 101028s1978 mx a r 00010 spa d | ||
| 010 | _a99605 | ||
| 011 | _a100577 | ||
| 035 | _a111263 | ||
| 040 | _cCHAP | ||
| 082 | 1 | 4 |
_a909 _bP66 1978 |
| 100 | 1 |
_aPirenne, Jacques _988503 |
|
| 245 | 1 | 0 |
_aHistoria universal : _blas grandes corrientes de la historia _c/por Jacques Pirenne |
| 250 | _a13 ed. | ||
| 260 |
_aMéxico, D. F. : _bCumbre, _c1978 |
||
| 300 |
_a10 v. : _bilus. |
||
| 500 | _aLa biblioteca tiene : v.1 Desde los orígenes al Islam (Siglos XXX A. J. al VI D. J.) -- v.2 Desde el Islam al renacimiento -- v.3 Desde el renacimiento hasta la formación de los grandes estados continentales de Europa (Siglos XVI y XVII) -- v.4 El siglo XVIII liberal y capitalista -- v.5 La revolución francesa -- v.6 El siglo XIX progresivo y colonialista -- v7 El nuevo siglo y la Gran Guerra -- v.8 La segunda Guerra Mundial -- v.9 Los años de posguerra (1945 - 1955) -- v.10 Un nuevo mundo en gestación (Desde 1956 hasta nuestros días) | ||
| 534 |
_pTit. original : _tLes grands courants de l'histoire Universelle _cBoudry, Neuchàtel (Suiza) : La Baconnière _b4 ed. francesa. |
||
| 590 |
_aBATCH-UPD _b10 _c20130110 _lUCH01 _h0933 |
||
| 590 |
_aCONVERSION _b10 _c20130109 _lUCH01 _h1355 |
||
| 650 | 1 | 4 |
_aHistoria universal. _955642 |
| 901 | _aBK | ||
| 942 | _cLIBRO | ||
| 949 |
_a909 P66 1978 _bBC _cC _d33724002213116 _eC _fv.5 _h113693 _i111263 _sb |
||
| 949 |
_a909 P66 1978 _bBC _cC _d33724002213157 _eC _fv.6 _h113694 _i111263 _sb |
||
| 949 |
_a909 P66 1978 _bBC _cC _d33724002213199 _eC _fv.7 _h113695 _i111263 _sb |
||
| 949 |
_a909 P66 1978 _bBC _cC _d33724002213231 _eC _fv.8 _h113696 _i111263 _sb |
||
| 949 |
_a909 P66 1978 _bBC _cC _d33724002213272 _eC _fv.8 _h113697 _i111263 _sb |
||
| 949 |
_a909 P66 1978 _bBC _cC _d33724002213314 _eC _fv.10 _h113698 _i111263 _sb |
||
| 949 |
_a909 P66 1978 _bBC _cC _d33724002213421 _eC _fv.1 _h113689 _i111263 _sb |
||
| 949 |
_a909 P66 1978 _bBC _cC _d33724002213462 _eC _fv.2 _h113690 _i111263 _sb |
||
| 949 |
_a909 P66 1978 _bBC _cC _d33724002213504 _eC _fv.3 _h113691 _i111263 _sb |
||
| 949 |
_a909 P66 1978 _bBC _cC _d33724002213545 _eC _fv.4 _h113692 _i111263 _sb |
||
| 999 |
_c99605 _d99605 |
||